Statistics for NFL Crazy Stats

Click here to take the quiz!

General Stats

  • This quiz has been taken 332 times
  • The average score is 4 of 20

Answer Stats

StatYear(s)Player% Correct
30 Touchdowns, 30 Interceptions2019Jameis Winston
97%
Threw for 5000 Yards 5 Different Times2008, 2011-2013, 2016Drew Brees
53%
Most Career Receptions By 150+, Most Career Receiving Touchdowns By 40+, Most Career Receiving Yards By 5000+1985-2004Jerry Rice
53%
Started Career 15-0 (Regular Season)2004-2005Ben Roethlisberger
43%
Led the League in Rushing 8 Different Times1957-1961, 1963-1965Jim Brown
42%
23 Consecutive Regular Season Wins2008-2009Peyton Manning
22%
Drafted in the First Round at Age 282012Brandon Weeden
18%
Had 13 Seasons With 10+ Sacks1986-1990, 1992-1998, 2000Bruce Smith
17%
12 Games, 14 Interceptions1952Dick Lane
16%
Led the League in Receptions 8 Different Times1936-1937, 1939, 1941-1945Don Hutson
13%
Career Record of 0-152017-presentDeShone Kizer
12%
Had 2 Interception Returns Longer Than Any Other Player2004, 2008Ed Reed
11%
14 Games, 42 Interceptions Thrown1962George Blanda
10%
Only Quarterback to Start for an 8-0 Team and an 0-8 Team2015, 2019Andy Dalton
9%
Played For 13 Different Teams2008-2019Josh Johnson
7%
12 Carries, -3 Yards, 1 Touchdown2016Reggie Bush
7%
23 Consecutive Regular Season Wins1984-1987Jim McMahon
4%
Most Career Games By a Defensive Player (295)1983-2002Darrell Green
3%
Only Quarterback With 2+ Playoff Wins and 0 Playoff Losses1992Frank Reich
1%
1032 Receiving Yards in 9 Games (129 Yards Per Game)1982Wes Chandler
0%

Score Distribution

Percentile by Number Answered

Percent of People with Each Score

Your Score History

You have not taken this quiz